| 000 | 00666nam a2200301Ia 4500 | ||
|---|---|---|---|
| 005 | 20260401122211.0 | ||
| 008 | 008 250103s9999 xx 000 0 eng d | ||
| 020 | _a192840789 | ||
| 037 | _aTB | ||
| 040 | _aEDL | ||
| 040 | _beng | ||
| 040 | _cEDL | ||
| 041 | _2eng | ||
| 041 | _aeng | ||
| 084 | _a828.509 SWI | ||
| 084 | _qEDL | ||
| 100 |
_aSwift, Jonathan _91232637 |
||
| 245 | 0 | _aJonathan Swift: Major Works | |
| 245 | 0 | _cSwift, Jonathan | |
| 260 | _aOxford | ||
| 260 | _bOxford University press | ||
| 260 | _c1984 | ||
| 300 | _a722p | ||
| 942 | _cTB | ||
| 942 | _h828.509 SWI | ||
| 999 |
_c1845600 _d1845600 |
||